- COVID-19 (Enfermedad)
Entry Materia
001 - NÚMERO DE CONTROL DEL REGISTRO
- campo de control: 48104
003 - IDENTIFICADOR DE NUMERO DE CONTROL
- campo de control: UPN
005 - FECHA Y HORA DE LA ÚLTIMA TRANSACCIÓN
- campo de control: 20230307143236.0
008 - DATOS DE LONGITUD FIJA
- campo de control de longitud fija: 230307|| aca||babn | a|a d
010 ## - NÚMERO DE CONTROL DE LA BIBLIOTECA DEL CONGRESO (LC)
- LC control number: h2020000570
040 ## - FUENTE DE LA CATALOGACIÓN
- Centro catalogador de origen: DGPO
- Agencia de transcripción: DLC
- Agencia de modificación: DLC
- Agencia de modificación: DGB/UNAM
- Agencia de modificación: MX-MxUPN
046 ## - FECHAS CON CODIFICACIÓN ESPECIAL
- Fecha final para contenidos agregados: 2023
053 ## - NÚMERO CLASIFICADOR - BIBLIOTECA DEL CONGRESO (LC)
- Elemento numérico de la clasificación - Número único o no. inicial del rango: RA644 C67
- Frase explicativa: Salud pública
150 ## - ENCABEZAMIENTO - TEMÁTICO
- Término de materia o nombre geográfico como elemento inicial: COVID-19 (Enfermedad)
450 0# - VÉASE - MATERIA
- Encabezamiento temático: COVID-19 (Disease)
450 0# - VÉASE - MATERIA
- Encabezamiento temático: Enfermedad por COVID-19
450 0# - VÉASE - MATERIA
- Encabezamiento temático: Enfermedad por coronavirus 2019
450 0# - VÉASE - MATERIA
- Encabezamiento temático: Infección por SARS-CoV-2
450 0# - VÉASE - MATERIA
- Encabezamiento temático: Neumonía de Wuhan
670 ## - FUENTE EN LA QUE SE LOCALIZARON DATOS
- Cita de la fuente: Biblioteca del Congreso (Estados Unidos), 2 octubre 2020:
- Información localizada: catálogo electrónico (COVID-19 (Disease))
670 ## - FUENTE EN LA QUE SE LOCALIZARON DATOS
- Cita de la fuente: Biblioteca Nacional de España, Catálogo de Autoridades, 2 octubre 2020:
- Información localizada: catálogo electrónico (punto de acceso: COVID-19; variantes: Enfermedad por COVID-19; Enfermedad por coronavirus 2019; Infección por SARS-CoV-2; Neumonía de Wuhan)
670 ## - FUENTE EN LA QUE SE LOCALIZARON DATOS
- Cita de la fuente: Fundéu RAE, sitio web, 2 octubre 2020:
- Información localizada: (La grafía recomendada para el nombre abreviado de la enfermedad por coronavirus es COVID-19, con mayúsculas, ya que se trata de la sigla inglesa de coronavirus disease, ‘enfermedad del coronavirus’. Dado que contiene el sustantivo enfermedad en su forma inglesa, su género es femenino (la COVID-19, mejor que el COVID-19). La Organización Mundial de la Salud ha decidido llamar COVID-19 (acrónimo del inglés coronavirus disease) a la enfermedad causada por el coronavirus, y escribe esta denominación con mayúsculas y con un guion antes de los dos dígitos, en línea con códigos similares recogidos en la Clasificación Internacional de Enfermedades (ICD, por sus siglas en inglés). En español la pronunciación mayoritaria es aguda (/kobíd/), mientras que en inglés es llana (/kóvid/). Hay que destacar que esta identificación se aplica a la enfermedad, no al virus, al que oficialmente el Comité Internacional de Taxonomía de Virus ha pasado a denominar SARS-CoV-2 (aunque es frecuente que se siga empleando el provisional 2019-nCoV).)
- Identificador Uniforme del Recurso: https://www.fundeu.es/recomendacion/covid-19-nombre-de-la-enfermedad-del-coronavirus/
670 ## - FUENTE EN LA QUE SE LOCALIZARON DATOS
- Cita de la fuente: Biblioteca COLMEX, Catálogo bibliográfico, 7 marzo 2023:
- Información localizada: encabezamiento (COVID-19 (Enfermedad) -- Aspectos sociales -- América Latina)
750 ## - ASIENTO LIGADO AL ENCABEZAMIENTO - TÉRMINO TEMÁTICO
- Número de control del registro: sh2020000570
- Encabezamiento temático: COVID-19 (Disease)
902 ## - CATALOGADOR
- Catalogador: NDAF/070323
